00613nam a2200133Ia 4500008004100000245023400041260002900275260000900304300000600313650001300319856005500332999001900387952007300406170516s9999 xx 000 0 und d aFast Disintegrating Combination Tablet of Taste Masked Levocetrizine Dihydrochloride and Montelukast Sodium: Formulation Design, Development, and Characterization, M. M. Gupta, Niraj Gupta, Bhupendra S. Chauhan, and Shweta Pandey bJournal of Pharmaceutics c2014 a: xPharmacy uhttps://www.hindawi.com/journals/jphar/contents/2/ c331353d331353 001040aCLbCLd2017-05-16l0r2017-05-16 00:00:00w2017-05-16yFOJ